书目信息 |
| 题名: |
巴拉聚克
|
|
| 作者: | 梅里曼 著 ;梁镝 译 | |
| 分册: | ||
| 出版信息: | 上海 上海人民出版社 2019.01 |
|
| 页数: | 305页 | |
| 开本: | 24cm | |
| 丛书名: | 历史·文化经典译丛 | |
| 单 册: | ||
| 中图分类: | K565.9 | |
| 科图分类: | ||
| 主题词: | 村史--cun shi--法国 | |
| 电子资源: | ||
| ISBN: | 978-7-208-15164-2 | |
| 000 | 01300nam 2200313 450 | |
| 001 | 1932847953 | |
| 005 | 20190131123445. | |
| 010 | @a978-7-208-15164-2@dCNY 70.00 | |
| 100 | @a20190131d2019 em y0chiy50 ea | |
| 101 | 1 | @achi@ceng |
| 102 | @aCN@b310000 | |
| 105 | @ab a 000yy | |
| 200 | 1 | @a巴拉聚克@Aba la ju ke@e历史时光中的法国小镇@f(美) 约翰·梅里曼著@g梁镝译 |
| 210 | @a上海@c上海人民出版社@d2019.01 | |
| 215 | @a305页@c地图@d24cm | |
| 225 | 2 | @a历史·文化经典译丛@Ali shi · wen hua jing dian yi cong |
| 312 | @a英文题名取自书内 | |
| 314 | @a约翰·梅里曼, 耶鲁大学历史学教授。主要研究法国和现代的欧洲历史。 | |
| 320 | @a有书目 (第237-303页) | |
| 330 | @a本书通过作者对法国巴拉聚克村各个历史时期人们日常生活细致入微的描述, 对不同层次人物的思想和行为的刻画, 让读者感受到法国城乡间的竞争, 感受到中世纪人们观念的顽强, 感受到现代社会发展的力量。这从一个侧面反映了历史发展的复杂性。 | |
| 410 | 0 | @12001 @a历史·文化经典译丛 |
| 510 | 1 | @aStones of Balazuc@ea French village in time@zeng |
| 517 | 1 | @a历史时光中的法国小镇@Ali shi shi guang zhong de fa guo xiao zhen |
| 606 | 0 | @a村史@Acun shi@y法国 |
| 690 | @aK565.9@v5 | |
| 701 | 1 | @a梅里曼@Amei li man@g(Merriman, John)@4著 |
| 702 | 0 | @a梁镝@Aliang di@4译 |
| 801 | 0 | @aCN@b人天书店@c20190131 |
| 905 | @aBZT@dK565.9@e1 | |
| 巴拉聚克:历史时光中的法国小镇/(美) 约翰·梅里曼著/梁镝译.-上海:上海人民出版社,2019.01 |
| 305页:地图;24cm.-(历史·文化经典译丛) |
| ISBN 978-7-208-15164-2:CNY 70.00 |
| 本书通过作者对法国巴拉聚克村各个历史时期人们日常生活细致入微的描述, 对不同层次人物的思想和行为的刻画, 让读者感受到法国城乡间的竞争, 感受到中世纪人们观念的顽强, 感受到现代社会发展的力量。这从一个侧面反映了历史发展的复杂性。 |
| ● |
| 相关链接 |
|
|
|
正题名:巴拉聚克
索取号:K565.9/1
 
预约/预借
| 序号 | 登录号 | 条形码 | 馆藏地/架位号 | 状态 | 备注 |
| 1 | 864180 | 2000864180 | 第二书库/ [索取号:K565.9/1] | 在馆 | |
| 2 | 864181 | 2000864181 | 第二书库/ [索取号:K565.9/1] | 在馆 | |
| 3 | 864182 | 2000864182 | 第二书库/ [索取号:K565.9/1] | 在馆 |